000 00447nam a2200169 a 4500
005 20140414131924.0
008 040128s19uu xx 00 eng d
020 _a0-439-16166-5
050 _aER
_bSc1 2000
100 _aWasserman, Robin
245 _aSearch for scooby snacks :
_bScooby - Doo! /
_cRobin Wasserman.
260 _aU.S.A :
_bScholastic,
_c2000.
300 _a22 p. ; cm.
440 _a2000
999 _c111927
_d111927